| 000 | 00000nam 2200000za 4500 |
| 001 | 9.850278 |
| 003 | CaOODSP |
| 005 | 20221107154124 |
| 007 | cr ||||||||||| |
| 008 | 180118s1997 onc #ob f000 0 eng d |
| 040 | |aCaOODSP|beng |
| 043 | |an-cn--- |
| 086 | 1 |aR5-651/1997E-PDF |
| 245 | 00|aResidential schools literature review (1987-1997) |h[electronic resource] / |cPrepared by Public History Inc. for the Research & Analysis Directorate, Department of Indian Affairs and Northern Development. |
| 246 | 14|aResidential school literature review (1987-1997) |
| 260 | |a[Ottawa?] : |bDepartment of Indian Affairs and Northern Development, Research & Analysis Directorate, |c1997. |
| 300 | |a1 v. (various pagings) |
| 500 | |a"May 30, 1997." |
| 500 | |aDigitized edition from print [produced by Indigenous and Northern Affairs Canada]. |
| 504 | |aIncludes bibliographical references. |
| 520 | |a"The purpose of this project was to identify printed and non-printed material relating to native residential schools and education that has been produced since 1987"--Process, p. [1]. |
| 692 | 07|2gccst|aResidential schools |
| 692 | 07|2gccst|aEducational resources |
| 692 | 07|2gccst|aLiterature |
| 710 | 1 |aCanada.|bIndian and Northern Affairs. |bResearch and Analysis Directorate. |
| 856 | 40|qPDF|s968 KB|uhttps://publications.gc.ca/collections/collection_2018/aanc-inac/R5-651-1997-eng.pdf |